Dirección estratégica.

Guardat en:
Dades bibliogràfiques
Autor principal: Garrido Buj, Santiago (autor)
Format: Llibre
Publicat: Madrid, España: McGraw Hill, 2006.
Edició:Segunda edición.
Matèries:
Etiquetes: Afegir etiqueta
Sense etiquetes, Sigues el primer a etiquetar aquest registre!

MARC

LEADER 00000nam a22000007a 4500
003 CL-VaPUC
005 20250407202438.0
008 250307t2006 ||||| |||| 00| 0 eng d
999 |c 447162  |d 447160 
020 |a 978-84-481-4649-8 
040 |c Pontificia Universidad Católica de Valparaíso 
082 7 |a 658.4012 GAR 2006  |2 22 
100 1 |a Garrido Buj, Santiago  |e autor  |9 896400 
245 |a Dirección estratégica. 
250 |a Segunda edición.  
260 |a Madrid, España:  |b McGraw Hill,   |c 2006. 
300 |a x, 373 páginas.  
500 |a c.1.-c.3. Instituto Arcos 8-1-2025 
583 |c 20250307  |k Cristina María Rojas Aguilar 
650 0 |a Planificación estratégica   |9 259735 
650 0 |a Gestión de negocios  |9 307188 
942 |2 ddc  |c BK  |n 0 
952 |0 0  |1 0  |2 ddc  |4 0  |6 658_401200000000000_GAR_2006  |7 0  |8 A  |9 600756  |a BIBINC  |b BIBINC  |d 2025-03-07  |e Instituto Arcos   |i 5665667  |o 658.4012 GAR 2006  |p 5665667  |r 2025-03-07  |t 3  |w 2025-03-07  |y BK  |k IFP 
952 |0 0  |1 0  |2 ddc  |4 0  |6 658_401200000000000_GAR_2006  |7 0  |8 A  |9 600757  |a BIBINC  |b BIBINC  |d 2025-03-07  |e Instituto Arcos   |i 5665666  |o 658.4012 GAR 2006  |p 5665666  |r 2025-03-07  |t 2  |w 2025-03-07  |y BK  |k IFP 
952 |0 0  |1 0  |2 ddc  |4 0  |6 658_401200000000000_GAR_2006  |7 0  |8 A  |9 600758  |a BIBINC  |b BIBINC  |d 2025-03-07  |e Instituto Arcos   |i 5665665  |o 658.4012 GAR 2006  |p 5665665  |r 2025-03-07  |t 1  |w 2025-03-07  |y BK  |k IFP